[Event "Puchong op 6th"]
[Site "Puchong"]
[Date "2019.08.24"]
[Round "2"]
[White "Abd Rahim Yeo, Ahmad Justin"]
[Black "Young, Teck Kang"]
[Result "0-1"]
[WhiteElo "1671"]
[BlackElo "1453"]
[PlyCount "84"]
[EventDate "2019.08.24"]
[EventType "swiss"]
[EventRounds "6"]
[EventCountry "MAS"]
[SourceTitle "EXT 2020"]
[Source "ChessBase"]
[SourceDate "2019.10.17"]
[SourceVersion "1"]
[SourceVersionDate "2019.10.17"]
[SourceQuality "1"]

1. e4 c5 2. d4 cxd4 3. c3 dxc3 4. Nxc3 Nc6 5. Bc4 d6 6. Nf3 e6 7. 0-0 Nf6 8. Qe2 Be7 9. Rd1 e5 10. h3 0-0 11. Bg5 Be6 12. Bxf6 Bxf6 13. Bd5 Rc8 14. Rac1 a6 15. Qd2 Nd4 16. Nxd4 exd4 17. Ne2 Rxc1 18. Qxc1 Bxd5 19. exd5 Qb6 20. Qc2 Re8 21. Rd3 Qc5 22. Qd1 Qxd5 23. Nxd4 Bxd4 24. Rxd4 Qxa2 25. b4 Qb2 26. Qd3 Re1+ 27. Kh2 Qxf2 28. Re4 Rxe4 29. Qxe4 g6 30. Qxb7 Qf4+ 31. Kh1 Qf1+ 32. Kh2 Qd3 33. Qc6 h5 34. Qb6 Kg7 35. Qc6 d5 36. Qd6 Qc4 37. Qe5+ Kh7 38. Qf6 d4 39. Qd6 d3 40. Qd7 Qf4+ 41. Kg1 d2 42. Qd5 Kg7 0-1

[Event "Shah Alam Challenger"]
[Site "Shah Alam"]
[Date "2016.01.24"]
[Round "3"]
[White "Abd Rahim Yeo, Ahmad Justin"]
[Black "Hj Sapuan, Ngasiman"]
[Result "1-0"]
[WhiteElo "1583"]
[BlackElo "1532"]
[PlyCount "95"]
[EventDate "2016.01.23"]
[EventType "swiss"]
[EventRounds "9"]
[EventCountry "MAS"]
[SourceTitle "EXT 2017"]
[Source "ChessBase"]
[SourceDate "2016.10.25"]
[SourceVersion "1"]
[SourceVersionDate "2016.10.25"]
[SourceQuality "1"]

1. e4 e5 2. Nf3 Nc6 3. Bb5 Nf6 4. 0-0 a6 5. Ba4 b5 6. Bb3 Be7 7. Re1 0-0 8. c3 d6 9. h3 Bb7 10. d4 exd4 11. cxd4 Na5 12. Bc2 Nc6 13. Nbd2 Nb4 14. Bb1 Nc6 15. Nf1 h6 16. Ng3 Bc8 17. a3 Nh7 18. Qc2 Bd7 19. e5 g6 20. Bxh6 dxe5 21. dxe5 Na5 22. e6 Be8 23. Bxf8 Nxf8 24. exf7+ Bxf7 25. Ba2 Nc4 26. Ne5 Nxe5 27. Rxe5 Bd6 28. Bxf7+ Kxf7 29. Ree1 Bxg3 30. Qb3+ Kg7 31. Qxg3 Rc8 32. Qe5+ Kh7 33. Rad1 Qh4 34. Rd4 Qh6 35. Qe7+ Kg8 36. Rh4 Qg7 37. Rf4 g5 38. Rf5 Qxe7 39. Rxe7 Nh7 40. Rff7 Nf8 41. Rg7+ Kh8 42. Rxg5 c5 43. f4 c4 44. f5 a5 45. f6 b4 46. Reg7 Nh7 47. Rh5 Rc7 48. Rhxh7# 1-0